Top 10 krajów z największym eksportem na mieszkańca - Statystyki

Ogólne statystyki
  • Ten quiz został rozwiązany 404 razy
  • Średni wynik to 4 z 10
Statystyki odpowiedzi
Eksport na jednego mieszkańca Kraj % Poprawnych
$28,807 Norwegia
58%
$33,652 Holandia
48%
$39,428 Szwajcaria
46%
$50,017 Katar
45%
$78,970 Singapur
45%
$28,870 Belgia
44%
$37,632 Zjednoczone Emiraty Arabskie
42%
$26,269 Kuwejt
38%
$100,615 Liechtenstein
35%
$26,168 Irlandia
32%
Nie znaleziono quizów pasujących do podanych kryteriów
Rozkład punktacji
Procent ludzi z każdym wynikiem
Percentyl według liczby udzielonych odpowiedzi
Twoja historia wyników
Nie rozwiązałeś tego quizu